Countries that Border France in Alphabetical Order - Statistics

General Stats
  • This quiz has been taken 30 times
  • The average score is 8 of 10
Answer Stats
Countries % Correct
Andorra
100%
Belgium
96%
Germany
82%
Italy
82%
Brazil
79%
Luxembourg
79%
Monaco
79%
Spain
79%
Switzerland
79%
Suriname
68%
No matching quizzes found
Score Distribution
Percent of People with Each Score
Percentile by Number Answered
Your Score History
You have not taken this quiz